Normal view
MARC view
- Chesher , Andrew
Entry Personal Name
001 - CONTROL NUMBER
- control field: 38679
003 - CONTROL NUMBER IDENTIFIER
- control field: NUST
005 - DATE AND TIME OF LATEST TRANSACTION
- control field: 20210314131127.0
008 - FIXED-LENGTH DATA ELEMENTS
- fixed length control field: 210314|| aca||aabn | a|a d
040 ## - CATALOGING SOURCE
- Original cataloging agency: NUST
- Transcribing agency: NUST
100 ## - HEADING--PERSONAL NAME
- Personal name: Chesher , Andrew
670 ## - SOURCE DATA FOUND
- Source citation: Work cat.: (NUST): Chesher , Andrew, Vehicle Operating Costs
